000 00275nam a2200109Ia 4500
008 200302s9999 xx 000 0 und d
100 _aLeonardo Benevolo
245 _aHistory of Modern Architecture Vol 1
260 _bRoutledge & Kegan Paul
260 _c1960
300 _a374 P.,
999 _c375
_d375